The space between /

"An irresistibly moving, heartfelt debut novel for fans of The Time Traveler's Wife and Outlander about a grown woman who travels back in time to be reunited with the mother she lost when she was seven years old"--

Bibliographic Details
Main Author: Fisher, Helen, 1972- (Author)
Format: Book
Language:English
Published: New York : Gallery Books, 2021.
Edition:First Gallery Books hardcover edition.
Subjects:

MARC

Tag First Indicator Second Indicator Subfields
LEADER 00000cam a22000008i 4500
001 in00004439521
008 200210s2021 nyu 000 1 eng
005 20250318213149.2
010 |a  2019060245 
019 |a 1162986310 
020 |a 9781982142674 
020 |a 1982142677 
020 |a 9781982142681  |q (paperback) 
020 |a 1982142685 
020 |z 9781982142698  |q (ebook) 
035 |a (OCoLC)on1140357138 
035 |a (OCoLC)1140357138  |z (OCoLC)1162986310 
040 |a DLC  |b eng  |e rda  |c DLC  |d OCLCF  |d OCLCO  |d YDX  |d BDX  |d LMJ  |d JTH 
042 |a pcc 
050 0 0 |a PS3606.I774  |b S63 2021 
082 0 0 |a 813/.6  |2 23 
100 1 |a Fisher, Helen,  |d 1972-  |e author. 
245 1 4 |a The space between /  |c Helen Fisher. 
250 |a First Gallery Books hardcover edition. 
263 |a 2102 
264 1 |a New York :  |b Gallery Books,  |c 2021. 
300 |a 296 pages ;  |c 24 cm 
336 |a text  |b txt  |2 rdacontent 
337 |a unmediated  |b n  |2 rdamedia 
338 |a volume  |b nc  |2 rdacarrier 
520 |a "An irresistibly moving, heartfelt debut novel for fans of The Time Traveler's Wife and Outlander about a grown woman who travels back in time to be reunited with the mother she lost when she was seven years old"--  |c Provided by publisher. 
650 0 |a Mothers and daughters  |v Fiction. 
650 0 |a Time travel  |v Fiction. 
650 7 |a Mothers and daughters.  |2 fast  |0 (OCoLC)fst01026997 
655 7 |a Fiction.  |2 fast  |0 (OCoLC)fst01423787 
776 0 8 |i Online version:  |a Fisher, Helen, 1972-  |t The space between.  |b First Gallery Books hardcover edition  |d New York : Gallery Books, 2021.  |z 9781982142698  |w (DLC) 2019060246 
852 8 |b pda,print  |z This title is available for the library to purchase for your use. Click the "Purchase It For Me" button to place a request. This item may take 5-10 business days to arrive. 
955 |a Print PDA title 
999 f f |s 2dece787-50e6-45bb-9a73-514891555848  |i 659f6b21-b9c1-3868-a52e-bf279aa099e7  |t 0 
952 f f |a Texas A&M University  |b College Station  |c Sterling C. Evans Library  |d Purchase on Demand  |t 0  |e PS3606.I774 S63 2021  |h Library of Congress classification 
998 f f |a PS3606.I774 S63 2021  |t 0  |l Purchase on Demand